000 00589cam a22002291 4500
001 sa 68007159
003 DLC
005 20260227112521.0
008 890524s1968 ii 000 0 hino
010 _asa 68007159
035 _a(OCoLC)19761169
040 _aDLC
_cWaU
_dDLC
042 _apremarc
050 0 0 _aPK1934
_b.S6
100 1 _aSolaṅkī, Komalasiṃha,
_d1927-
245 1 0 _aVyākaraṇa-bodha tathā Hindī racanā.
260 _c[1968]
300 _a292 p.
_c22 cm.
500 _aIn Hindi.
650 0 _aHindi language
_xGrammar.
650 0 _aHindi language
_xStyle.
999 _c81673
_d81673